000
00344 a2200157 4500
001
168762
020
_a
040
_c
Magnum
100
_a
Faraco & Moura
240
1
0
_a
Lingua e literatura - volume unico
_l
por
245
1
0
_a
Lingua e literatura - volume unico
362
0
_a
1899
440
1
_a
Ática
697
_a
GRAMATICA
942
_c
BK
999
_c
168762
_d
168762